MARC
| LEADER | 00000nam a2200000Ia 4500 | ||
|---|---|---|---|
| 008 | 180226b2000 f ||||| |||| 00| | spa d | ||
| 999 | |c 1554 |d 1554 | ||
| 090 | |a 06.02.01 |b 447 | ||
| 110 | 2 | |a UNESCO |9 1248 | |
| 245 | 1 | 0 | |a Marco de acción de Dakar. Educación para todos: Cumplir nuestros compromisos comunes |
| 260 | |a París, Francia : |b UNESCO, |c 2000 | ||
| 300 | |a 78 páginas | ||
| 500 | |a Adoptado en el Foro Mundial sobre Educación Dakar (Senegal), 26-28 de abrildel 2000 | ||
| 650 | 1 | 0 | |a EDUCACIÓN |9 1 |
| 942 | |i 00782 |h 06.02.01 447 |2 z |c 01 | ||
